Hyderabad Metro Stations on a Map (Updated) - Statistics

General Stats
  • This quiz has been taken 63 times
  • The average score is 30 of 60
Answers on the Map
Answers color-coded by a green-red scale on the quiz's map according to % correct below.
 
Answer Stats
Station % Correct
Ameerpet
81%
Ameerpet
81%
Miyapur
78%
JBS Parade Ground
75%
L B Nagar
69%
Uppal
69%
JNTU College
67%
KPHB Colony
67%
Raidurg
67%
HITEC City
64%
Nagole
64%
Begumpet
61%
Kukatpally
61%
Parade Ground
61%
Parade Ground
61%
Paradise
61%
Tarnaka
61%
Assembly
58%
Jubilee Hills Check Post
58%
Madhapur
58%
Secunderabad East
58%
Stadium
56%
Durgam Cheruvu
53%
Lakdi-ka-pul
53%
Osmania Medical College
53%
Punjagutta
53%
Rasoolpura
53%
Secunderabad West
53%
Irrum Manzil
50%
Madhura Nagar
50%
Peddamma Gudi
50%
Yusufguda
50%
Erragadda
47%
Gandhi Bhavan
47%
Habsiguda
47%
Nampally
47%
Prakash Nagar
47%
New Market
44%
RTC X Roads
44%
Victoria Memorial
44%
Chikkadpally
42%
Dilsukhnagar
42%
Khairatabad
42%
MG Bus Station
42%
MG Bus Station
42%
Narayanaguda
42%
ESI Hospital
39%
NGRI
39%
Road No. 5 Jubilee Hills
39%
Bharat Nagar
36%
Dr. B. R. Ambedkar Balanagar
36%
Moosapet
36%
Gandhi Hospital
33%
S. R. Nagar
33%
Chaitanyapuri
31%
Malakpet
31%
Musarambagh
31%
Sultan Bazaar
31%
Musheerabad
28%
Mettugada
14%
No matching quizzes found
Score Distribution
Percent of People with Each Score
Percentile by Number Answered
Your Score History
You have not taken this quiz